|
|
|
|
| LEADER |
00999nam a22002417a 4500 |
| 001 |
AAL4159 |
| 003 |
BD-DhAAL |
| 005 |
20160312203821.0 |
| 008 |
160312s 2002bg a|||| b||| 00| 0 ben d |
| 020 |
|
|
|a 9848196147
|
| 040 |
|
|
|a BD-DhAAL
|c BD-DhAAL
|
| 082 |
|
|
|a 330.9/549/205
|
| 100 |
|
|
|a আলম, খুরশিদ
|9 18453
|
| 245 |
|
|
|a বাংলাদেশের উন্নয়ন :
|b যা দেখেছি যা শুনেছি /
|c খুরশিদ আলম
|
| 250 |
|
|
|a 1st ed.
|
| 260 |
|
|
|a ঢাকা :
|b মিনার্ভ পাবলিকেশন্স,
|c ২০০২
|
| 300 |
|
|
|a ১২৮ পৃ. :
|b চিত্র ;
|c ২২ সে.মি.
|
| 504 |
|
|
|6 Includes bibliography
|
| 541 |
|
|
|e 4159
|
| 651 |
|
|
|a Bangladesh
|x Economic conditions.
|9 18454
|
| 942 |
|
|
|2 ddc
|c BK
|
| 999 |
|
|
|c 37082
|d 37082
|
| 952 |
|
|
|0 0
|1 0
|2 ddc
|4 0
|6 330_900000000000000_549_205_ALO
|7 0
|9 58339
|a SCL
|b SCL
|c GEN
|d 2016-03-12
|g 80.00
|l 0
|o 330.9549205 ALO
|p 3020004159
|r 2016-03-12
|t 1
|w 2016-03-12
|y BK
|